| Tag |
First Indicator |
Second Indicator |
Subfields |
| LEADER |
00000cam a2200000 4500 |
| 001 |
in00000610921 |
| 005 |
20151015051333.0 |
| 008 |
750609s1941 nyuaf 00110 eng |
| 035 |
|
|
|a (OCoLC)01381642
|
| 035 |
|
|
|9 ACT5984AM
|
| 040 |
|
|
|c DZM
|d TXA
|d UtOrBLW
|
| 049 |
|
|
|a TXAM
|c 1 [131105],2 [373890]
|
| 050 |
0 |
0 |
|a TG15
|b .S8
|
| 082 |
0 |
|
|a 624.09
|
| 100 |
1 |
|
|a Steinman, D. B.
|q (David Barnard),
|d 1886-1960.
|
| 245 |
1 |
0 |
|a Bridges and their builders /
|c by David B. Steinman and Sara Ruth Watson.
|
| 264 |
|
1 |
|a New York :
|b G. P. Putnam,
|c [1941]
|
| 264 |
|
4 |
|c [©1941]
|
| 300 |
|
|
|a xvi, 379 pages :
|b illustrations, plates. ;
|c 22 cm.
|
| 336 |
|
|
|a text
|b txt
|2 rdacontent
|
| 337 |
|
|
|a unmediated
|b n
|2 rdamedia
|
| 338 |
|
|
|a volume
|b nc
|2 rdacarrier
|
| 500 |
|
|
|a Illustrated lining-papers.
|
| 650 |
|
0 |
|a Bridges
|x History.
|
| 650 |
|
0 |
|a Engineers.
|
| 700 |
1 |
|
|a Watson, Sara Ruth.
|
| 999 |
|
|
|a MARS
|
| 999 |
f |
f |
|s 100c0b7a-e3f4-3bb6-93eb-a827af6889c4
|i 9e2ead4f-8d6a-33ea-8671-02c530a37db3
|t 0
|
| 952 |
f |
f |
|p ric
|a Texas A&M University
|b Rellis Campus
|c Joint Library Facility
|d Remote Storage
|t 0
|e TG15 .S8
|h Library of Congress classification
|i unmediated -- volume
|m A14807726426
|
| 998 |
f |
f |
|a TG15 .S8
|t 0
|l Remote Storage
|